Statistics for History of North Macedonia

Click here to take the quiz!

General Stats

  • This quiz has been taken 71 times
  • The average score is 10 of 16

Answer Stats

YearsCountry or Empire% Correct
1991-2019Republic of {Macedonia}
100%
2019-2022Republic of {North Macedonia}
100%
1943-1946Democratic Federal {Yugoslavia}
87%
1929-1943Kingdom of {Yugoslavia}
87%
1946-1992Yugoslavia
87%
1365-1867{Ottoman} Empire
78%
1882-1918Kingdom of {Serbia}
73%
1867-1882Principality of {Serbia}
73%
324–148 BC{Macedonian} Empire
70%
148BC-324AD{Roman} Empire
63%
681-1185First {Bulgarian} Empire
55%
1185-1346Second {Bulgarian} Empire
55%
324-681{Byzantine} Empire
47%
1918-1929Kingdom of {Serbs, Croats, and Slovenes}
32%
1346-1365{Serbian} Empire
30%
479–324 BC{Achaemenid} Empire
7%

Score Distribution

Percentile by Number Answered

Percent of People with Each Score

Your Score History

You have not taken this quiz